Homosexuality of Emily Dickinson - Is It Fact or Speculation? - Analysis of Dickinson's Writings and the Socio-historical Context bakalárska práca

Gespeichert in:
Bibliographische Detailangaben
1. Verfasser: Pavlíková, Bianka, 1999-
Körperschaft: Fakulta aplikovaných jazykov EU v Bratislave. Katedra interkultúrnej komunikácie
Weitere Verfasser: Biliková, Beáta, 1971-
Format: Buch
Sprache:Englisch
Veröffentlicht: Bratislava 2023
Tags: Tag hinzufügen
Keine Tags, Fügen Sie das erste Tag hinzu!

MARC

LEADER 00000nbm a2200000 4500
001 0292815
005 20240909110305.4
041 0 |a eng 
044 |a SK 
245 1 0 |a Homosexuality of Emily Dickinson - Is It Fact or Speculation? - Analysis of Dickinson's Writings and the Socio-historical Context  |b bakalárska práca  |c Bianka Pavlíková ; školiteľ: Beáta Biliková 
264 1 |a Bratislava  |c 2023 
300 |a 45 s. 
100 1 |a Pavlíková, Bianka, 1999- 
700 1 |a Biliková, Beáta, 1971- 
710 2 |a Fakulta aplikovaných jazykov EU v Bratislave. Katedra interkultúrnej komunikácie